000 00896nam a2200277 a 4500
001 BRCA_5883
005 20190320205242.0
008 160311s1929----nyua######---#000-0#eng-#
041 _aeng
044 _anyu
050 4 _aNK7484
_b.M55 1929
100 1 _aMilham, Willis Isbister
_d1874-
_914881
245 1 0 _aTime & timekeepers
_bincluding the history, construction, care, and accuracy of clocks and watches
_cby Willis I. Milham.
260 _aNueva York
_bMacmillan
_c1929
300 _axix, 609 p.
_bil., 332 láminas
_c22 cm.
500 _aIncluye índice de ilustraciones e índice alfabético
500 _aCon ex-libris de: Edward C. Blessing
500 _aG55
504 _aBibliografía: p. 568-598
650 1 4 _aRelojes
_92227
650 1 4 _aRelojes
_xReparación
_914882
650 1 4 _aRelojeros
_92107
650 1 4 _aRelojes
_xHistoria
_914883
902 _aGFM
942 _2lcc
_cB
999 _c5572
_d5572